| 000 | 00502nam a2200157 i 4500 | ||
|---|---|---|---|
| 001 | 121581 | ||
| 003 | ES-MaACL | ||
| 005 | 20230906191758.0 | ||
| 007 | t| | ||
| 008 | 070214s1924 py r ||||1| spa d | ||
| 245 | 0 | 0 |
_aPlantas medicinales usadas por el vulgo en el Paraguay _b: drogas y productos que se extraen de ellas. |
| 260 |
_aAsunción : _b[s. n.], _cImp, Nacional ( _f1924) |
||
| 300 |
_a23 p. ; _c18 cm. |
||
| 650 | 4 |
_aPlantas medicinales- _zParaguay. _9159994 |
|
| 852 |
_aES-MaACL _j1690-F-14 |
||
| 999 |
_c121581 _d121581 |
||